000 00455cam a22001337a 4500
008 180718b1981 xxu||||| |||| 00| 0 eng d
082 _aAPPPA 80-81 SAR
100 _aSardana, M.M.K.
245 _aExport assistance policies and export performance of India in the 70s: a dissertation
_cby M.M.K. Sardana
260 _aNew Delhi
_bIndian Institute of Public Administration
_c1981
300 _a202p.
650 _aExport performance-India
650 _aExport
999 _c501264
_d501264